[Event "Prague Masters 1st"]
[Site "Prague"]
[Date "2019.03.09"]
[Round "4.2"]
[White "Duda, Jan Krzysztof"]
[Black "Navara, David"]
[Result "1-0"]
[WhiteElo "2731"]
[BlackElo "2739"]
[PlyCount "79"]
[EventDate "2019.03.06"]
[EventType "tourn"]
[EventRounds "9"]
[EventCountry "CZE"]
[EventCategory "19"]
[SourceTitle "CBM 189"]
[Source "ChessBase"]
[SourceDate "2019.04.29"]
[SourceVersion "1"]
[SourceVersionDate "2019.04.29"]
[SourceQuality "1"]

1. Nf3 d5 2. d4 Nf6 3. c4 c6 4. e3 e6 5. Nbd2 c5 6. dxc5 Bxc5 7. a3 a5 8. Qc2 O-O 9. b3 b6 10. Bb2 Bb7 11. Bd3 Nbd7 12. cxd5 exd5 13. Bd4 Bxd4 $146 ({RR} 13... Qe7 14. Qb2 Ne4 15. O-O f6 16. Nxe4 dxe4 17. Bc4+ Kh8 18. Bxc5 bxc5 19. Nd2 Ne5 20. a4 f5 21. Be2 f4 22. exf4 Ng6 23. Nc4 Nxf4 24. Ne3 Qg5 25. Kh1 Nd3 26. Bxd3 exd3 27. Rad1 Rad8 28. Qd2 {Perez Pardo,J (2297)-Bhat,V (2540) Caleta 2010 0-1 (37)}) 14. Nxd4 Ne5 15. Be2 Ne4 16. O-O Qc8 17. Qa2 Nc3 18. Qb2 Nxe2+ 19. Nxe2 Nd3 20. Qb1 Ba6 21. Rd1 Re8 22. Nf3 Ne5 23. Nxe5 Bxe2 24. Rc1 Qb7 25. Qb2 Bh5 26. Nd3 f6 27. Nf4 Bf7 28. h3 d4 29. Qxd4 Bxb3 30. a4 b5 31. axb5 a4 32. Rc5 Rec8 33. Ne2 Qe7 34. Rxa4 Rxc5 35. Rxa8+ Kf7 36. b6 Rd5 37. Ra7 Rxd4 38. Nxd4 Bd5 39. Rxe7+ Kxe7 40. Nf5+ 1-0

[Event "25th European Teams"]
[Site "Batumi GEO"]
[Date "2025.10.10"]
[Round "6.15"]
[White "Dardha, Daniel"]
[Black "Alekseenko, K."]
[Result "0-1"]
[WhiteElo "2605"]
[BlackElo "2679"]
[PlyCount "80"]
[EventDate "2025.10.05"]
[WhiteTeam "Belgium"]
[BlackTeam "Austria"]
[WhiteTeamCountry "BEL"]
[BlackTeamCountry "AUT"]

1. d4 d5 2. c4 e6 3. Nf3 Nf6 4. g3 Bb4+ 5. Nbd2 dxc4 6. a3 Bxd2+ 7. Bxd2 a6 8. Bg2 b5 9. Nh4 Ra7 10. a4 Bb7 11. axb5 Bxg2 12. Nxg2 Qd5 13. O-O Qxb5 14. Qa4 Rb7 $146 ({RR} 14... Nc6 15. Bc3 Nd5 16. Qa3 Qb3 17. e4 Qxa3 18. Rxa3 Nb6 19. d5 exd5 20. exd5 Nxd5 21. Bxg7 Rg8 22. Re1+ Kd7 23. Rd1 Ke6 24. Ne3 Nb6 25. Bc3 Rg5 26. Raa1 a5 27. Rd2 f6 28. f4 Rb5 29. Rad1 {Eljanov,P (2657)-Xiao,T (2537) Rhodes GRE 2025 0-1 (45)}) 15. Bc3 Rb6 16. Ne3 Rc6 17. Qc2 O-O 18. Ra5 Qb3 19. Qxb3 cxb3 20. d5 Nxd5 21. Nxd5 exd5 22. Rxd5 f6 23. Ra1 Re8 24. e3 Rb6 25. Ba5 Rb7 26. Rc1 c6 27. Rd3 Re5 28. Be1 Kf7 29. Rcd1 Ke6 30. Rd6+ Ke7 31. Kf1 Rc5 32. R6d3 Rc2 33. Bc3 c5 34. Ra1 Rd7 35. Rxd7+ Nxd7 36. Ra3 c4 37. Ra4 Nb6 38. Rxa6 Nd5 39. Ra7+ Kd6 40. Ra6+ Kd7 0-1

[Event "EU-chT (Men) 21st"]
[Site "Heraklion"]
[Date "2017.10.31"]
[Round "4.3"]
[White "Can, Emre"]
[Black "Ponomariov, Ruslan"]
[Result "1/2-1/2"]
[WhiteElo "2604"]
[BlackElo "2687"]
[PlyCount "80"]
[EventDate "2017.10.28"]
[EventType "team-swiss"]
[EventRounds "9"]
[EventCountry "GRE"]
[SourceTitle "CBM 182"]
[Source "ChessBase"]
[SourceDate "2018.01.17"]
[SourceVersion "1"]
[SourceVersionDate "2018.01.17"]
[SourceQuality "1"]
[WhiteTeam "Turkey"]
[BlackTeam "Ukraine"]
[WhiteTeamCountry "TUR"]
[BlackTeamCountry "UKR"]

1. d4 d5 2. Nf3 e6 3. c4 a6 4. e3 Nf6 5. Nbd2 b6 6. b3 Bb7 7. Bb2 Nbd7 8. Bd3 Ne4 9. O-O Bd6 10. Qc2 f5 11. cxd5 exd5 12. Ne5 O-O 13. f4 Ndf6 $146 ({RR} 13... c5 14. Ndf3 Ndf6 15. Rfd1 Rc8 16. Qe2 Ra8 17. dxc5 bxc5 18. Rac1 Qe7 19. Nh4 g6 20. Nhf3 a5 21. Bb5 Rfc8 22. a4 Qe6 23. Ba1 Bf8 24. Ng5 Qe7 25. Ngf3 Bg7 26. Bb2 Qe6 27. Ba1 Rc7 28. Bb2 {Sargissian,G (2672)-Bosiocic,M (2624) Riadh 2017 0-1 (57)}) 14. Ndf3 Qe7 15. Rac1 Qe6 16. Qe2 a5 17. a4 Rfc8 18. Rc2 Bb4 19. Ng5 Nxg5 20. fxg5 Ne4 21. Qf3 g6 22. g4 fxg4 23. Nxg4 Nxg5 24. Qg3 Be7 25. h4 Ne4 26. Nh6+ Kg7 27. Bxe4 Kxh6 28. Bg2 Qd6 29. Qe1 Rf8 30. e4 dxe4 31. Qc1+ g5 32. Rxc7 Rxf1+ 33. Bxf1 Rf8 34. Bg2 Qg3 35. Rxe7 Qf2+ 36. Kh1 Qxh4+ 37. Kg1 Qf2+ 38. Kh1 Qh4+ 39. Kg1 Qf2+ 40. Kh1 Qh4+ 1/2-1/2

[Event "St Louis Spring A"]
[Site "Saint Louis USA"]
[Date "2023.04.11"]
[Round "7.4"]
[White "Bok, B."]
[Black "Yoo, Christopher Woojin"]
[Result "1/2-1/2"]
[WhiteElo "2607"]
[BlackElo "2607"]
[PlyCount "80"]
[EventDate "2023.04.05"]

1. d4 d5 2. c4 e6 3. Nf3 Nf6 4. g3 Bb4+ 5. Bd2 a5 6. Bg2 O-O 7. Qc2 c5 8. cxd5 cxd4 9. Nxd4 Qb6 10. e3 exd5 11. O-O Nc6 12. Nxc6 bxc6 13. Rc1 Rb8 14. Bxb4 Qxb4 15. b3 Be6 16. Nc3 c5 17. Ne2 Rfc8 18. Nf4 c4 19. bxc4 Rxc4 20. Qd1 Rxc1 21. Rxc1 Bg4 $146 ({RR} 21... Qb2 22. Nxe6 fxe6 23. Bh3 Rb6 24. Rc8+ Kf7 25. Rc7+ Kg6 26. Bf1 Qe5 27. Bd3+ Kh6 28. Ra7 Rb2 29. Qa4 Qg5 30. h4 Qe5 31. g4 Rb4 32. g5+ Kh5 33. Qd1+ Ng4 34. Rf7 Qh2+ 35. Kf1 Rb2 36. Qf3 {Gan-Erdene,S (2418)-Le Tuan Minh (2559) Hangzhou CHN 2023 0-1 (38)}) 22. Qc2 d4 23. h3 Bd7 24. exd4 Qxd4 25. Qc7 Qb6 26. Nd5 Qxc7 27. Rxc7 Be6 28. Rc5 Rb1+ 29. Kh2 Nxd5 30. Bxd5 a4 31. Bxe6 fxe6 32. Ra5 Rb2 33. Rxa4 Rxf2+ 34. Kg1 Rb2 35. Ra7 h6 36. a4 Ra2 37. Re7 Rxa4 38. Rxe6 Ra3 39. Kg2 Kf7 40. Rb6 Ra2+ 1/2-1/2

[Event "6th Sharjah Masters 2023"]
[Site "Sharjah UAE"]
[Date "2023.05.17"]
[Round "1.9"]
[White "Sanal, V."]
[Black "Praggnanandhaa, R."]
[Result "0-1"]
[WhiteElo "2600"]
[BlackElo "2688"]
[PlyCount "80"]
[EventDate "2023.05.17"]

1. d4 Nf6 2. Nf3 d5 3. c4 e6 4. e3 a6 5. b3 b6 6. Bb2 Bb7 7. Nbd2 Bd6 8. Bd3 Nbd7 9. O-O Ne4 10. Qc2 Ndf6 11. cxd5 exd5 12. Ne5 O-O 13. Rac1 Qe7 14. Nxe4 $146 ({RR} 14. Rfd1 Nxd2 15. Rxd2 c5 16. a4 h6 17. Qd1 Rfd8 18. Qe2 Ne4 19. Rdc2 f6 20. Nf3 f5 21. Ne5 Bxe5 22. dxe5 Qf7 23. h4 a5 24. Qe1 Rac8 25. Bb5 Qg6 26. f3 Ng3 27. Kh2 Nh5 28. Bd3 Qe6 {Derylo,K (2126)-Wojdak,J (2188) Leba POL 2023 0-1 (54)}) 14... dxe4 15. Be2 Rac8 16. Nc4 Rfe8 17. Rfd1 Nd5 18. a3 Qe6 19. Nxd6 Qxd6 20. b4 Qd7 21. Qd2 Ra8 22. Re1 Re7 23. f4 Bc6 24. f5 Bb5 25. Bg4 Nf6 26. Bh3 Qd6 27. d5 Nxd5 28. f6 Nxf6 29. Qxd6 cxd6 30. Bxf6 gxf6 31. Red1 Rd8 32. Bf5 h5 33. h3 h4 34. Rd2 d5 35. Rf2 d4 36. exd4 Rxd4 37. Rf4 Re5 38. Rc8+ Be8 39. Kh2 Kf8 40. Rxh4 Ke7 0-1

[Event "Titled Tue 17th Oct Late"]
[Site "chess.com INT"]
[Date "2023.10.17"]
[Round "10"]
[White "Duda, J."]
[Black "Anton Guijarro, D."]
[Result "1-0"]
[WhiteElo "2726"]
[BlackElo "2653"]
[PlyCount "77"]
[EventDate "2023.10.17"]

1. d4 d5 2. c4 e6 3. Nf3 c6 4. g3 dxc4 5. Bg2 b5 6. O-O Bb7 7. a4 a6 8. Ne5 Nf6 9. Nc3 Be7 10. axb5 axb5 11. Rxa8 Bxa8 12. Nxb5 cxb5 13. Bxa8 O-O 14. Bg2 Qc7 $146 ({RR} 14... Nfd7 15. Nc6 Nxc6 16. Bxc6 b4 17. e4 Qc7 18. Qa4 Nb8 19. Bb5 c3 20. bxc3 bxc3 21. Be3 h6 22. Rc1 Rc8 23. Bd3 Qb7 24. Kf1 Bf6 25. Qb5 Qa8 26. Kg2 Nc6 27. Qb6 Rb8 28. Qc5 Nb4 29. Qc4 {Mikhalevski,V (2572)-Cobb,C (2405) Caerleon 2005 1-0 (67)}) 15. Bd2 Bd6 16. f4 Qb6 17. e3 Nd5 18. g4 Bxe5 19. fxe5 Nc6 20. Kh1 b4 21. Be4 Qb5 22. Qf3 Nce7 23. h4 c3 24. bxc3 bxc3 25. Bc1 f6 26. h5 f5 27. Bc2 Qb8 28. Ba3 Rf7 29. e4 Nb4 30. Bb3 Kh8 31. Bxe6 Rf8 32. Qxc3 fxe4 33. Rb1 e3 34. Qxb4 Qa8+ 35. d5 Re8 36. Qb3 e2 37. Re1 Nc6 38. dxc6 Qxc6+ 39. Kh2 1-0

[Event "UKR-ch 81st"]
[Site "Kiev"]
[Date "2012.08.05"]
[Round "9"]
[White "Ponomariov, Ruslan"]
[Black "Korobov, Anton"]
[Result "1/2-1/2"]
[WhiteElo "2726"]
[BlackElo "2678"]
[PlyCount "77"]
[EventDate "2012.07.27"]
[EventType "tourn"]
[EventRounds "11"]
[EventCountry "UKR"]
[EventCategory "17"]
[SourceTitle "CBM 150"]
[Source "ChessBase"]
[SourceDate "2012.09.14"]
[SourceVersion "1"]
[SourceVersionDate "2012.09.14"]
[SourceQuality "1"]

1. d4 d5 2. c4 c6 3. Nf3 Nf6 4. e3 e6 5. Bd3 Nbd7 6. O-O dxc4 7. Bxc4 b5 8. Bd3 Bb7 9. e4 a6 10. a4 Be7 11. Bg5 h6 12. Bh4 Nh5 13. Bxe7 Qxe7 14. Re1 O-O 15. Nbd2 $146 ({RR} 15. e5 Nf4 16. Bf1 Nb6 17. Nc3 Nxa4 18. Nxa4 bxa4 19. Qc1 Nd5 20. Qc5 Qc7 21. Rxa4 Nb6 22. Qa5 Rfc8 23. Rb4 Nd7 24. Qxc7 Rxc7 25. Rc1 c5 26. Rb3 Bd5 27. Rbc3 Rb7 28. dxc5 Rxb2 29. c6 Nb6 {Morrison,G (2283)-Lahlum,H (2145) Stockholm 2016 ½-½ (42)}) 15... Rad8 16. Bf1 e5 17. axb5 cxb5 18. d5 f5 19. exf5 Bxd5 20. Qc2 Rc8 21. Qd3 Nf4 22. Qa3 b4 23. Qe3 Rxf5 24. g3 Ng6 25. Rxa6 Rf6 26. Ra5 Qf7 27. Bg2 Rd6 28. Ne4 Bxe4 29. Qxe4 Rc4 30. Qa8+ Kh7 31. h4 Qf5 32. Qd8 Rc2 33. Ra8 Qf7 34. h5 Ngf8 35. Qe8 Qf6 36. Qd8 Qf7 37. Qe8 Qf6 38. Qd8 Qf7 39. Qe8 1/2-1/2

[Event "Sinquefield Cup 6th"]
[Site "Saint Louis"]
[Date "2018.08.19"]
[Round "2"]
[White "Caruana, Fabiano"]
[Black "Aronian, Levon"]
[Result "1/2-1/2"]
[WhiteElo "2822"]
[BlackElo "2767"]
[PlyCount "76"]
[EventDate "2018.08.18"]
[EventType "tourn"]
[EventRounds "9"]
[EventCountry "USA"]
[EventCategory "22"]
[SourceTitle "CBM 186"]
[Source "ChessBase"]
[SourceDate "2018.09.14"]
[SourceVersion "1"]
[SourceVersionDate "2018.09.14"]
[SourceQuality "1"]

1. d4 d5 2. c4 c6 3. Nf3 Nf6 4. Qb3 e6 5. g3 dxc4 6. Qxc4 b5 7. Qb3 Bb7 8. Bg2 a6 9. a4 c5 10. axb5 c4 11. Qd1 axb5 12. Rxa8 Bxa8 13. O-O Be7 14. b3 cxb3 15. Qxb3 b4 16. Bb2 Nbd7 $146 ({RR} 16... Bd5 17. Qa4+ Qd7 18. Qxd7+ Nbxd7 19. Nbd2 O-O 20. Ra1 Rc8 21. Ne1 Nb6 22. Bxd5 Nfxd5 23. Ra6 f5 24. e3 Kf7 25. Kf1 Ke8 26. Ke2 Kd7 27. Nd3 Kc6 28. Nb3 Kb7 29. Ra1 Nc4 30. Rc1 Kb6 31. Ne5 {Soysal,S (2293)-Can,E (2547) Kocaeli 2015 ½-½ (49)}) 17. Nbd2 O-O 18. Ra1 Qb8 19. Ne1 Bxg2 20. Kxg2 Rc8 21. e4 h5 22. Nd3 h4 23. Rc1 Rxc1 24. Nxc1 Qb5 25. Qd3 Qxd3 26. Nxd3 hxg3 27. hxg3 Nb6 28. Kf3 Nfd7 29. Nb3 Nc4 30. Bc1 e5 31. dxe5 Ncxe5+ 32. Nxe5 Nxe5+ 33. Ke2 Kf8 34. f4 Ng4 35. Kf3 Nh2+ 36. Kg2 Ng4 37. Kf3 Nh2+ 38. Kg2 Ng4 1/2-1/2

[Event "World op 40th"]
[Site "Philadelphia"]
[Date "2012.07.06"]
[Round "5"]
[White "Gupta, Abhijeet"]
[Black "Sokolov, Ivan"]
[Result "1/2-1/2"]
[WhiteElo "2627"]
[BlackElo "2676"]
[PlyCount "76"]
[EventDate "2012.07.03"]
[EventType "swiss"]
[EventRounds "9"]
[EventCountry "USA"]
[SourceTitle "CBM 149 Extra"]
[Source "ChessBase"]
[SourceDate "2012.08.24"]
[SourceVersion "1"]
[SourceVersionDate "2012.08.24"]
[SourceQuality "1"]

1. d4 {Let's Check Training} d5 2. c4 e6 3. Nf3 Bb4+ 4. Bd2 a5 5. g3 Nc6 6. Qc2 Nge7 7. Bg2 e5 8. dxe5 Bf5 9. Qc1 d4 10. O-O Bc5 $146 ({RR} 10... O-O 11. Bg5 h6 12. Bxe7 Qxe7 13. Qf4 Qd7 14. Rd1 Rad8 15. Nc3 f6 16. a3 Bc5 17. Nd5 fxe5 18. Nxe5 Qe8 19. Nf3 ({RR} 19. Nxc6 bxc6 20. Qxc7) 19... Qxe2 20. Rd2 Qxc4 21. Ne3 Qf7 22. Nxf5 Qxf5 23. Qxf5 Rxf5 24. Rc1 Bb6 25. Ne1 {Pap,G (2538)-Sokolov,I (2653) Plovdiv 2012 CBM 148 [Let's Check Training] 0-1 (43)}) 11. Na3 O-O 12. Nb5 Ng6 13. Rd1 Ncxe5 14. Nxe5 Nxe5 15. Bc3 Nd3 16. exd3 dxc3 17. Nxc3 Qd4 18. Qf4 Qxf4 19. gxf4 Bg4 20. Re1 c6 21. h3 Be6 22. f5 Bd7 23. d4 Bxd4 24. Red1 c5 25. Ne2 Ba4 26. Rd2 Bf6 27. Nc3 Bc6 28. Nd5 Bg5 29. Re2 Rfe8 30. Rae1 Kf8 31. Nb6 Rxe2 32. Rxe2 Rd8 33. Bxc6 bxc6 34. Kg2 Bf6 35. b3 Rd3 36. Na4 Bd4 37. Nb6 Bf6 38. Na4 Bd4 1/2-1/2

[Event "FRA-chT Top 12"]
[Site "Drancy"]
[Date "2016.05.28"]
[Round "1.1"]
[White "Rodshtein, Maxim"]
[Black "Duda, Jan Krzysztof"]
[Result "1/2-1/2"]
[WhiteElo "2689"]
[BlackElo "2666"]
[PlyCount "75"]
[EventDate "2016.05.28"]
[EventType "team-tourn"]
[EventRounds "11"]
[EventCountry "FRA"]
[SourceTitle "CBM 172 Extra"]
[Source "ChessBase"]
[SourceDate "2016.06.21"]
[SourceVersion "1"]
[SourceVersionDate "2016.06.21"]
[SourceQuality "1"]
[WhiteTeam "Bischwiller"]
[BlackTeam "Bois Colombes"]
[WhiteTeamCountry "FRA"]
[BlackTeamCountry "FRA"]

1. d4 d5 2. c4 c6 3. Nf3 Nf6 4. e3 e6 5. b3 c5 6. cxd5 Nxd5 7. Bb2 cxd4 8. Nxd4 Bb4+ 9. Nd2 O-O 10. a3 Bc3 11. Bxc3 Nxc3 12. Qc2 Nd5 13. Bd3 h6 14. Bh7+ Kh8 15. Be4 b6 $146 ({RR} 15... Nf6 16. Bf3 e5 17. Nb5 Nc6 18. O-O Qb6 19. Nd6 Na5 20. Qc3 Qxd6 21. Qxa5 Qe6 22. Rfd1 e4 23. Qb4 Re8 24. Be2 b6 25. Bc4 Qe7 26. Bb5 Bd7 27. Bxd7 Qxb4 28. axb4 Nxd7 29. Kf1 f5 30. Nc4 {Nechepurenko,R (2546)-Baghdasaryan,V (2303) Moscow 2011 1-0 (52)}) 16. O-O Bb7 17. Nc4 Qe7 18. Rfd1 Rd8 19. Rac1 Nd7 20. Nf5 exf5 21. Bxd5 Bxd5 22. Rxd5 g6 23. Rcd1 Nf6 24. R5d4 Kg8 25. h3 Rxd4 26. Rxd4 Ne4 27. Qd1 h5 28. a4 Re8 29. Nd6 Nxd6 30. Rxd6 Qe5 31. Rd5 Qf6 32. Rd4 Rc8 33. b4 Qc6 34. b5 Qc1 35. Qxc1 Rxc1+ 36. Kh2 Rc7 37. Kg3 Kg7 38. Kf4 1/2-1/2

[Event "EU-Cup 33rd"]
[Site "Antalya"]
[Date "2017.10.09"]
[Round "2.3"]
[White "Malakhov, Vladimir"]
[Black "Andreikin, Dmitry"]
[Result "1/2-1/2"]
[WhiteElo "2691"]
[BlackElo "2705"]
[PlyCount "76"]
[EventDate "2017.10.08"]
[EventType "team-swiss"]
[EventRounds "7"]
[EventCountry "TUR"]
[SourceTitle "CBM 181"]
[Source "ChessBase"]
[SourceDate "2017.11.10"]
[SourceVersion "1"]
[SourceVersionDate "2017.11.10"]
[SourceQuality "1"]
[WhiteTeam "Legacy Square Capital"]
[BlackTeam "Alkaloid"]
[WhiteTeamCountry "RUS"]
[BlackTeamCountry "MKD"]

1. Nf3 d5 2. e3 Nf6 3. c4 e6 4. d4 a6 5. b3 c5 6. Bb2 cxd4 7. exd4 b6 8. Nbd2 Bb7 9. Bd3 Nbd7 10. O-O Bd6 11. Qe2 O-O 12. Ne5 Qe7 13. a3 $146 ({RR} 13. Rad1 Rfd8 14. Ndf3 dxc4 15. bxc4 Nf8 16. Ng5 Bxe5 17. dxe5 Ne8 18. Qe3 h6 19. Ne4 Rac8 20. Nd6 Nxd6 21. exd6 Qg5 22. Qxg5 hxg5 23. f4 g4 24. f5 exf5 25. Bxf5 Rxc4 26. Be5 Ne6 27. Bg3 Ra4 {Ovsejevitsch,S (2617)-Olsen,F (2380) Braunschweig 2019 1-0 (62)}) 13... a5 14. a4 Bb4 15. f4 g6 16. Rad1 Rad8 17. Qe3 Nh5 18. Ndf3 f6 19. Ng4 Bd6 20. g3 Rfe8 21. Rfe1 f5 22. Nge5 Nxe5 23. Nxe5 Bb4 24. Rf1 Nf6 25. Be2 Rc8 26. Rc1 Ba6 27. Rc2 Rc7 28. Rfc1 Rec8 29. Bd3 Bb7 30. Bf1 Ne4 31. Bg2 dxc4 32. bxc4 Qe8 33. Qb3 Nd2 34. Qd3 Ne4 35. Qb3 Rd8 36. Re2 Ba8 37. Ng4 Qf8 38. Bxe4 fxe4 1/2-1/2

[Event "National Open 2023"]
[Site "Las Vegas USA"]
[Date "2023.06.17"]
[Round "6.1"]
[White "Niemann, Hans Moke"]
[Black "Nyzhnyk, I."]
[Result "1/2-1/2"]
[WhiteElo "2695"]
[BlackElo "2641"]
[PlyCount "74"]
[EventDate "2023.06.14"]

1. d4 d5 2. c4 c6 3. Nf3 Nf6 4. e3 e6 5. Nbd2 Nbd7 6. b3 Bd6 7. Bb2 Qe7 8. Ne5 Ne4 9. a3 O-O 10. Bd3 Nxd2 11. Qxd2 f6 $146 ({RR} 11... Bxe5 12. dxe5 Nc5 13. cxd5 Nxd3+ {½-½ (13) Laketic,G (2438)-Lazic,M (2465) Herceg Novi 2001}) 12. Nxd7 Bxd7 13. O-O f5 14. Bc3 b6 15. b4 b5 16. c5 Bc7 17. a4 a6 18. f4 Kh8 19. Ra2 Rg8 20. Rfa1 Rab8 21. axb5 axb5 22. Ra7 Bc8 23. h4 h5 24. Qe2 g6 25. e4 Rg7 26. exd5 exd5 27. Qf2 Qf8 28. g3 Re7 29. Re1 Rxe1+ 30. Qxe1 Qd8 31. Ra2 Kg7 32. Be2 Qe7 33. Kf2 Bb7 34. Ra7 Bd8 35. Qa1 Qc7 36. Bf3 Qc8 37. Qe1 Ra8 1/2-1/2

[Event "FIDE World Bl Team Final"]
[Site "Almaty KAZ"]
[Date "2024.08.05"]
[Round "3.2"]
[White "Dubov, Daniil"]
[Black "Erigaisi, Arjun"]
[Result "1-0"]
[WhiteElo "2701"]
[BlackElo "2778"]
[PlyCount "73"]
[EventDate "2024.08.05"]
[WhiteTeam "Al-Ain ACMG UAE"]
[BlackTeam "Team MGD1"]

1. d4 Nf6 2. Nf3 d5 3. c4 e6 4. Bg5 dxc4 5. e4 c5 6. Bxc4 cxd4 7. O-O Nc6 8. e5 h6 9. Bxf6 gxf6 10. exf6 Qxf6 11. Nbd2 Bg7 $146 ({RR} 11... Bd7 12. Ne4 Qg6 13. Re1 O-O-O 14. Rc1 Bb4 15. Re2 Kb8 16. Bd3 Qg7 17. a3 Be7 18. Nc5 Bxc5 19. Rxc5 Rhg8 20. g3 Ne7 21. Ne5 Bc8 22. Qa4 f6 23. Nf3 e5 24. Rec2 Bd7 25. Qb4 Nc6 26. Rxc6 {Dubov,D (2684)-Sathvik Adiga (2396) chess.com INT 2025 1-0 (34)}) 12. Ne4 Qe7 13. Re1 Bd7 14. Rc1 h5 15. h4 O-O-O 16. Bb5 Kb8 17. Nc5 Be8 18. Qa4 Rc8 19. Rc4 Na5 20. Qxa5 Rxc5 21. Rxc5 Qxc5 22. Qd8+ Qc8 23. Qg5 Bxb5 24. Qxg7 Bc6 25. Nxd4 Bd5 26. Qe5+ Ka8 27. Nb5 f6 28. Qf4 e5 29. Qxf6 Rg8 30. g3 a6 31. Qxe5 Bc6 32. Nd4 Re8 33. Ne6 Ka7 34. Re3 Qd7 35. Qd4+ Qxd4 36. Nxd4 Rxe3 37. Nxc6+ 1-0

[Event "6th Sharjah Masters 2023"]
[Site "Sharjah UAE"]
[Date "2023.05.24"]
[Round "8.33"]
[White "Sethuraman, S."]
[Black "Mastrovasilis, D."]
[Result "1/2-1/2"]
[WhiteElo "2626"]
[BlackElo "2603"]
[PlyCount "73"]
[EventDate "2023.05.17"]

1. d4 d5 2. c4 e6 3. Nf3 Nf6 4. g3 Bb4+ 5. Nc3 O-O 6. Bg2 dxc4 7. O-O Nc6 8. Re1 Rb8 9. e4 b5 10. a3 Be7 11. Bf4 a6 12. Qd2 Na5 13. Rad1 Bb7 14. h4 Nb3 15. Qc2 h6 16. Bh3 $146 ({RR} 16. Be3) 16... Bd6 17. Be3 Qe8 18. Nd2 Nxd2 19. Rxd2 e5 20. dxe5 Bxe5 21. Bc5 Bd6 22. Bxd6 cxd6 23. Rxd6 Qe5 24. Qd2 Rfe8 25. Bg2 a5 26. f4 Qc5+ 27. Qd4 Qxd4+ 28. Rxd4 b4 29. axb4 axb4 30. Na2 Rbd8 31. Rxd8 Rxd8 32. Nxb4 Rd2 33. Nd5 Nxd5 34. exd5 Bxd5 35. Bxd5 Rxd5 36. Rc1 Rd2 37. Rxc4 1/2-1/2

[Event "CHN-chT"]
[Site "China"]
[Date "2017.12.03"]
[Round "20.6"]
[White "Andreikin, Dmitry"]
[Black "Wang, Hao"]
[Result "1/2-1/2"]
[WhiteElo "2706"]
[BlackElo "2690"]
[PlyCount "74"]
[EventDate "2017.04.18"]
[EventType "team-tourn"]
[EventRounds "22"]
[EventCountry "CHN"]
[SourceTitle "CBM 181 Extra"]
[Source "ChessBase"]
[SourceDate "2017.12.12"]
[SourceVersion "1"]
[SourceVersionDate "2017.12.12"]
[SourceQuality "1"]
[WhiteTeam "Chongqing"]
[BlackTeam "Shenzhen"]
[WhiteTeamCountry "CHN"]
[BlackTeamCountry "CHN"]

1. d4 Nf6 2. c4 e6 3. Nf3 d5 4. Bg5 dxc4 5. Qa4+ Nbd7 6. e3 c5 7. Nc3 cxd4 8. Nxd4 Be7 9. Bxc4 O-O 10. Qc2 Nb6 11. Bb3 Bd7 12. O-O Rc8 13. Rfd1 $146 ({RR} 13. Qd3 e5 14. Nf5 Bxf5 15. Qxf5 Nfd7 16. h4 h6 17. Bxh6 gxh6 18. Qg6+ Kh8 19. Qxh6+ Kg8 20. Bc2 Nf6 21. Rad1 Qe8 22. Bf5 Rc4 23. e4 Rxc3 24. bxc3 Qb5 25. Rd6 Bxd6 26. Qg5+ {1-0 (26) Nesterov,A (2317)-Volotovsky,K (2159) Voronezh 2018}) 13... Qc7 14. Rac1 Qc5 15. h4 Qa5 16. Qd3 h6 17. Bxf6 Bxf6 18. Qe4 Rc7 19. Nce2 Qe5 20. Qxe5 Bxe5 21. f4 Rxc1 22. Rxc1 Bf6 23. g3 e5 24. fxe5 Bxe5 25. Kf2 g6 26. Nf4 Kg7 27. Nd3 Bd6 28. e4 Re8 29. e5 Bb8 30. e6 fxe6 31. Nc5 Kf6 32. Kg2 Be5 33. Nxd7+ Nxd7 34. Rf1+ Ke7 35. Nxe6 Bxb2 36. Nf4 Ne5 37. Ne6 Nd7 1/2-1/2

[Event "Titled Tue 15th Jul Early"]
[Site "chess.com INT"]
[Date "2025.07.15"]
[Round "9"]
[White "Duda, J."]
[Black "Nihal, Sarin"]
[Result "1-0"]
[WhiteElo "2725"]
[BlackElo "2692"]
[PlyCount "71"]
[EventDate "2025.07.15"]

1. d4 d5 2. c4 e6 3. Nf3 Nd7 4. Nc3 Ngf6 5. Qc2 Be7 6. Bf4 dxc4 7. e4 Nb6 8. a4 a5 9. Be2 $146 ({RR} 9. Nb5 Bd6 10. Bxd6 cxd6 11. e5 dxe5 12. dxe5 Nfd5 13. Nd6+ Kf8 14. Bxc4 Nxc4 15. Qxc4 b6 16. Qc6 Bd7 17. Qc1 h6 18. Qd2 g6 19. O-O Kg7 20. Nd4 Ra7 21. f4 Rc7 22. Ra3 Ne7 23. g4 Nc8 {Kempinski,R (2385)-Urban,K (2435) Lubniewice 1994 ½-½ (53)}) 9... O-O 10. O-O Bd7 11. Rfd1 Bb4 12. Ne5 Bc6 13. Bg5 h6 14. Bh4 Be7 15. f3 Nfd7 16. Bxe7 Qxe7 17. Nxc4 Nxc4 18. Bxc4 Nb6 19. Bf1 Rfd8 20. b3 Rd7 21. Rd2 Rad8 22. Rad1 Qb4 23. Na2 Qa3 24. Qc3 f5 25. Bc4 Nxc4 26. Qxc4 fxe4 27. fxe4 Kh8 28. Nc3 Qe7 29. d5 exd5 30. exd5 Rd6 31. Ne4 R6d7 32. Rd4 Qe5 33. Nc3 Rd6 34. h3 Qh5 35. dxc6 Rxd4 36. Rxd4 1-0

[Event "St Petersburg-Moscow m 22nd"]
[Site "St Petersburg"]
[Date "2011.09.18"]
[Round "2"]
[White "Romanov, Evgeny"]
[Black "Malakhov, Vladimir"]
[Result "1/2-1/2"]
[WhiteElo "2639"]
[BlackElo "2710"]
[PlyCount "71"]
[EventDate "2011.09.17"]
[EventType "team"]
[EventRounds "2"]
[EventCountry "RUS"]
[SourceTitle "CBM 144 Extra"]
[Source "ChessBase"]
[SourceDate "2011.10.28"]
[SourceVersion "1"]
[SourceVersionDate "2011.10.28"]
[SourceQuality "1"]
[WhiteTeam "St Petersburg"]
[BlackTeam "Moscow"]
[WhiteTeamCountry "RUS"]
[BlackTeamCountry "RUS"]

1. Nf3 d5 2. d4 Nf6 3. c4 c6 4. Qb3 e6 5. Bg5 h6 6. Bh4 dxc4 7. Qxc4 b5 8. Qc2 Bb7 9. e3 Nbd7 10. Bd3 Be7 11. O-O O-O 12. Qe2 a6 13. a4 bxa4 14. Rd1 $146 ({RR} 14. Rxa4 c5 15. Rd1 Nb6 16. Ra1 cxd4 17. Nxd4 Nfd5 18. Bxe7 Qxe7 19. Nd2 {½-½ (19) Mchedlishvili,M (2549)-Mastrovasilis,D (2563) Gothenburg 2005}) 14... c5 15. dxc5 Nd5 16. Bxe7 Qxe7 17. Rxa4 Nxc5 18. Ra1 Nxd3 19. Rxd3 Nb4 20. Rd2 Rad8 21. Rxd8 Rxd8 22. Ne1 a5 23. Nc3 Ba6 24. Qh5 Nc6 25. Rd1 Rxd1 26. Qxd1 Qb4 27. Qa1 Ne5 28. Nc2 Qh4 29. Qa4 Qxa4 30. Nxa4 Nd3 31. Nd4 Kf8 32. Nb3 Bb5 33. Nc3 Bd7 34. Nxa5 Nxb2 35. h4 Na4 36. Nxa4 1/2-1/2

[Event "Titled Tue 18th Jun Late"]
[Site "chess.com INT"]
[Date "2024.06.18"]
[Round "10"]
[White "Nihal, Sarin"]
[Black "Bluebaum, M."]
[Result "1-0"]
[WhiteElo "2669"]
[BlackElo "2647"]
[PlyCount "69"]
[EventDate "2024.06.18"]

1. d4 d5 2. Nf3 e6 3. c4 Nf6 4. Qc2 dxc4 5. Qxc4 a6 6. Bf4 Bd6 7. Bg3 b5 8. Qc2 Bb7 9. Nbd2 Nc6 10. e3 O-O 11. a3 Rc8 $146 ({RR} 11... Re8 12. Bd3 e5 13. O-O exd4 14. Bh4 h6 15. Bh7+ Kh8 16. Be4 Na5 17. Bxb7 Nxb7 18. Nxd4 c5 19. Nf5 Be7 20. Nf3 Qb6 21. Rfd1 Qe6 22. Nxe7 Rxe7 23. Rd2 Ree8 24. Bxf6 Qxf6 25. Rd7 Na5 26. Rad1 {Zemlyanskii,I (2529)-Bluebaum,M (2655) chess.com INT 2024 1-0 (40)}) 12. Bd3 h6 13. Ne4 Ne7 14. Nxf6+ gxf6 15. O-O c5 16. dxc5 Rxc5 17. Qe2 Bxf3 18. gxf3 Qc7 19. a4 Rd8 20. axb5 axb5 21. Rfd1 Bxg3 22. hxg3 Kg7 23. Kg2 b4 24. Rd2 Rcd5 25. Rdd1 Qd6 26. Bc2 Rd2 27. Qc4 Qe5 28. Qxb4 Rxd1 29. Rxd1 Rb8 30. Qxe7 Qxb2 31. Rd7 Rf8 32. Rc7 Qe5 33. Rc4 h5 34. Rc5 Qb2 35. Qd6 1-0